000 00528nam a2200181 i 4500
001 21820
003 ES-MaACL
005 20230906152542.0
007 t|
008 021128s1978 sp ||||1| spa d
100 1 _aAiste, Sandra.
_918998
245 1 3 _aUn enfoque esotérico de la antroposofía
_b: la ciencia espiritua /
_cSandra Aiste.
260 _aMadrid :
_bRudolf Steiner,
_c[1978]
300 _a255 p. ;
_c21 cm.
505 8 _aContiene: V. I
650 4 _aAntroposofía.
_9153357
852 _aES-MaACL
_jA-8874
_bR.97518
999 _c21820
_d21820